[Event "NAYCC U12"]
[Site "Kingston CAN"]
[Date "2019.08.19"]
[Round "8.77"]
[White "Tu, Lawrence"]
[Black "Srinivas, Atharva"]
[Result "0-1"]
[WhiteElo "1919"]
[BlackElo "1695"]
[PlyCount "104"]
[EventDate "2019.08.16"]
[EventType "swiss"]
[EventRounds "9"]
[EventCountry "CAN"]

1. c4 e5 2. Nc3 Nc6 3. Nf3 Bc5 4. g3 d6 5. e3 a6 6. Bg2 Nf6 7. O-O O-O 8. a3
Ba7 9. d4 Bg4 10. d5 Ne7 11. e4 h6 12. h3 Bd7 13. Qd3 Nh7 14. Be3 Bxe3 15. Qxe3
f5 16. exf5 Nxf5 17. Qd2 Nf6 18. Rfe1 Qe8 19. g4 Ne7 20. g5 hxg5 21. Nxg5 Qg6
22. Kh1 Qh6 23. Re2 Nh5 24. Ne6 Bxe6 25. Qxh6 gxh6 26. dxe6 Nf4 27. Rd2 Nxg2
28. Kxg2 Rf6 29. Nd5 Rxe6 30. Nxc7 Rg6+ 31. Kh2 Rc8 32. Nd5 Nxd5 33. cxd5 Rc5
34. Re1 Kf7 35. Re3 Rg8 36. Rf3+ Ke7 37. Rdd3 Rc2 38. Rc3 Rc8 39. Rxc8 Rxc8 40.
Rc3 Rxc3 41. bxc3 b5 42. Kg3 Kf6 43. f4 e4 44. Kf2 Kf5 45. Ke3 h5 46. h4 a5 47.
a4 bxa4 48. c4 a3 49. c5 dxc5 50. d6 a2 51. d7 a1=Q 52. d8=Q Qe1# 0-1

[Event "NAYCC U12"]
[Site "Kingston CAN"]
[Date "2019.08.19"]
[Round "8.78"]
[White "He, Matthew"]
[Black "He, Zekai"]
[Result "1/2-1/2"]
[WhiteElo "1810"]
[BlackElo "1318"]
[PlyCount "72"]
[EventDate "2019.08.16"]
[EventType "swiss"]
[EventRounds "9"]
[EventCountry "CAN"]

1. d4 Nf6 2. Bf4 g6 3. Nf3 Bg7 4. h3 d6 5. e3 O-O 6. Be2 Nbd7 7. O-O c5 8. c3
a6 9. a4 Rb8 10. a5 b5 11. axb6 Qxb6 12. Ra2 cxd4 13. exd4 Bb7 14. Nbd2 Qc6 15.
Qa1 Ra8 16. Bh2 Nd5 17. Nb3 Qc8 18. Na5 Nc7 19. Nxb7 Qxb7 20. Ne1 Qb6 21. Nc2
e5 22. Bf3 Rab8 23. dxe5 dxe5 24. Nb4 Nc5 25. Re1 Rfe8 26. Nc6 Rbc8 27. Nxe5
Bxe5 28. Rxe5 Nd3 29. Re4 Rxe4 30. Bxe4 Nxf2 31. Bxc7 Rxc7 32. Rxa6 Qe3 33. Bf3
Rd7 34. Qf1 Ne4+ 35. Kh2 Qf4+ 36. Kg1 Qe3+ 1/2-1/2

[Event "NAYCC U12"]
[Site "Kingston CAN"]
[Date "2019.08.19"]
[Round "8.79"]
[White "Chan, Jaden"]
[Black "Huang, Youhe"]
[Result "1/2-1/2"]
[WhiteElo "1578"]
[BlackElo "2167"]
[PlyCount "77"]
[EventDate "2019.08.16"]
[EventType "swiss"]
[EventRounds "9"]
[EventCountry "CAN"]

1. e4 Nf6 2. Nc3 d5 3. exd5 Nxd5 4. Nf3 Nxc3 5. dxc3 Qxd1+ 6. Kxd1 Nc6 7. Bf4
Kd8 8. Bd3 f6 9. Nd4 Bd7 10. Be3 e5 11. Nxc6+ Bxc6 12. f3 Bd6 13. Kd2 Ke7 14.
h3 Rad8 15. Rad1 g6 16. Kc1 Kf7 17. Bc4+ Kg7 18. Rhf1 f5 19. Bg5 Rde8 20. Be3
f4 21. Bf2 g5 22. Kb1 h5 23. Bd5 Bb5 24. c4 Ba6 25. b3 Rh6 26. Kb2 Reh8 27.
Bxa7 b6 28. Rd2 Bc5 29. Be4 Rd6 30. Rfd1 Rhd8 31. Rxd6 cxd6 32. a4 Rd7 33. Bb8
Kf6 34. c3 Rd8 35. Bc7 Rd7 36. Bb8 Rd8 37. Bc7 Rd7 38. Bb8 Rd8 39. Bc7 1/2-1/2

[Event "NAYCC U12"]
[Site "Kingston CAN"]
[Date "2019.08.19"]
[Round "8.80"]
[White "Li, Eric"]
[Black "Xu, Jayden"]
[Result "0-1"]
[WhiteElo "1337"]
[BlackElo "1649"]
[PlyCount "114"]
[EventDate "2019.08.16"]
[EventType "swiss"]
[EventRounds "9"]
[EventCountry "CAN"]

1. e4 e6 2. d4 d5 3. e5 c5 4. c3 Nc6 5. Nf3 Qb6 6. a3 c4 7. Be2 Na5 8. Nbd2 Bd7
9. O-O Ne7 10. Rb1 Nc8 11. Kh1 Qc7 12. Ng1 Nb6 13. f4 Be7 14. Qe1 O-O-O 15. b4
cxb3 16. Nxb3 Nac4 17. Ra1 Ba4 18. Nd2 Ne3 19. Qg3 Nxf1 20. Bxf1 Rdg8 21. Bb2
Kb8 22. Ngf3 g5 23. Rc1 g4 24. Ne1 Nc4 25. Nxc4 dxc4 26. Nc2 h5 27. Ne3 Bb5 28.
Be2 Ba6 29. Qe1 b5 30. Rb1 Bb7 31. Bc1 a6 32. Kg1 Be4 33. Ra1 Bf8 34. Bd1 Bh6
35. g3 Qd7 36. Be2 Bb7 37. Bf1 Bf8 38. Bg2 Be7 39. Qe2 f5 40. Bd2 h4 41. Be1
hxg3 42. hxg3 Rh6 43. Nf1 Rgh8 44. Bxb7 Qxb7 45. Qg2 Qc8 46. Kf2 R8h7 47. Ke2
Qh8 48. Bf2 Qf8 49. Ke3 Kc7 50. Be1 Rh1 51. Bd2 Bxa3 52. Ra2 Kb6 53. Be1 Bc1+
54. Ke2 Qh8 55. Bf2 a5 56. Kd1 R7h2 57. d5+ Ka6 0-1

[Event "NAYCC U12"]
[Site "Kingston CAN"]
[Date "2019.08.19"]
[Round "8.82"]
[White "Zhu, Ricky"]
[Black "Liu, Joshua"]
[Result "1/2-1/2"]
[WhiteElo "1472"]
[BlackElo "1562"]
[PlyCount "69"]
[EventDate "2019.08.16"]
[EventType "swiss"]
[EventRounds "9"]
[EventCountry "CAN"]

1. e4 e6 2. Qe2 Be7 3. Nf3 d5 4. d3 Nf6 5. g3 b6 6. Bg2 Bb7 7. Nbd2 c5 8. O-O
Nc6 9. a3 Qc7 10. Re1 h6 11. b3 g5 12. Bb2 Rg8 13. exd5 Nxd5 14. c4 Nf6 15. Nf1
O-O-O 16. Ne5 Nxe5 17. Bxe5 Qd7 18. Bxb7+ Qxb7 19. Rab1 g4 20. Ne3 h5 21. b4
Nh7 22. Red1 f6 23. Bc3 Ng5 24. Ng2 Nf3+ 25. Kh1 e5 26. Qe4 Rd7 27. Qxb7+ Kxb7
28. Ne1 Nxe1 29. Bxe1 Rgd8 30. b5 f5 31. a4 e4 32. a5 exd3 33. a6+ Kc8 34. Bd2
Rd4 35. Rbc1 1/2-1/2

[Event "NAYCC U12"]
[Site "Kingston CAN"]
[Date "2019.08.19"]
[Round "8.84"]
[White "Iyer, Vedanth"]
[Black "Chen, Richard"]
[Result "1/2-1/2"]
[WhiteElo "1525"]
[BlackElo "1831"]
[PlyCount "100"]
[EventDate "2019.08.16"]
[EventType "swiss"]
[EventRounds "9"]
[EventCountry "CAN"]

1. e4 d6 2. d4 Nf6 3. Nc3 g6 4. Be3 Bg7 5. Be2 Nbd7 6. Nf3 b6 7. O-O O-O 8. h3
c5 9. d5 a6 10. a4 Qc7 11. Qd2 Bb7 12. Bh6 Ne5 13. Nxe5 dxe5 14. Bxg7 Kxg7 15.
Qe3 Rad8 16. Rfd1 Rfe8 17. Bc4 Nh5 18. Ne2 Rd6 19. Ng3 Nxg3 20. Qxg3 Rdd8 21.
Qd3 a5 22. Bb5 Rf8 23. c4 Qd6 24. Qg3 f6 25. Re1 Bc8 26. Rad1 Bd7 27. Bxd7 Rxd7
28. Rf1 Rdd8 29. f4 exf4 30. Qxf4 Qxf4 31. Rxf4 Rd7 32. Rdf1 Rdd8 33. b3 Rde8
34. Kh2 Rd8 35. g4 h6 36. Kg3 Rde8 37. Kf2 e6 38. Ke3 e5 39. R4f2 Rd8 40. Rd1
Rd6 41. h4 Rh8 42. Rdf1 g5 43. Rh2 Rdd8 44. Rd1 Rd6 45. hxg5 hxg5 46. Rxh8 Kxh8
47. Rh1+ Kg7 48. Rh5 Kg8 49. Kf3 Kg7 50. Kg3 Kg8 1/2-1/2

[Event "NAYCC U12"]
[Site "Kingston CAN"]
[Date "2019.08.19"]
[Round "8.85"]
[White "Sharma, Vishruth"]
[Black "Qiu, James"]
[Result "1-0"]
[WhiteElo "1794"]
[BlackElo "1551"]
[PlyCount "55"]
[EventDate "2019.08.16"]
[EventType "swiss"]
[EventRounds "9"]
[EventCountry "CAN"]

1. e4 e5 2. Nf3 Nc6 3. Bb5 Bc5 4. O-O d6 5. c3 Nf6 6. d4 Nxe4 7. dxc5 Nxc5 8.
Be3 Nd7 9. c4 O-O 10. Nc3 f5 11. Qd5+ Kh8 12. Bxc6 bxc6 13. Qxc6 Rb8 14. Bg5
Nf6 15. Bxf6 Rxf6 16. Nd5 Rf7 17. b3 f4 18. Rfe1 g5 19. Rad1 Rf8 20. Qxc7 Qxc7
21. Nxc7 g4 22. Ng5 Rb6 23. Ne4 Rd8 24. Nb5 d5 25. Nec3 Be6 26. Rxe5 a6 27. Nc7
Bf7 28. N7xd5 1-0

[Event "NAYCC U12"]
[Site "Kingston CAN"]
[Date "2019.08.19"]
[Round "8.86"]
[White "Hu, Raymond"]
[Black "Zhou, Johnson"]
[Result "0-1"]
[WhiteElo "1527"]
[BlackElo "1409"]
[PlyCount "102"]
[EventDate "2019.08.16"]
[EventType "swiss"]
[EventRounds "9"]
[EventCountry "CAN"]

1. e4 e6 2. d4 d5 3. e5 c5 4. c3 Nc6 5. Nf3 Nge7 6. Bd3 Ng6 7. a3 a5 8. O-O Be7
9. Be3 cxd4 10. cxd4 O-O 11. Nc3 f6 12. Bxg6 hxg6 13. Qc2 fxe5 14. Qxg6 exd4
15. Nxd4 Bf6 16. Nxc6 bxc6 17. Bc5 Be7 18. Bxe7 Qxe7 19. Rad1 Rf6 20. Qg3 Ba6
21. Rfe1 Rd8 22. Qe3 Qc7 23. Qc5 Rdf8 24. f3 Rh6 25. h3 Qg3 26. Qf2 Qg6 27. Kh2
Qf5 28. Qd4 Qf4+ 29. Qxf4 Rxf4 30. Kg3 Rc4 31. Rc1 d4 32. Ne2 Rxc1 33. Nxc1 a4
34. Rd1 e5 35. Nd3 Bxd3 36. Rxd3 c5 37. Kf2 Rb6 38. Rd2 Kf7 39. Ke1 Ke6 40. Kd1
Kd5 41. Kc2 c4 42. Kc1 d3 43. Kb1 Kd4 44. Kc1 Rb3 45. h4 c3 46. bxc3+ Rxc3+ 47.
Kd1 Rxa3 48. Ke1 Ra1+ 49. Rd1 Rxd1+ 50. Kxd1 Kc3 51. g4 a3 0-1

[Event "NAYCC U12"]
[Site "Kingston CAN"]
[Date "2019.08.19"]
[Round "8.87"]
[White "Liu, Kevin"]
[Black "Cui, Guang Zhu"]
[Result "1/2-1/2"]
[WhiteElo "1796"]
[BlackElo "735"]
[PlyCount "65"]
[EventDate "2019.08.16"]
[EventType "swiss"]
[EventRounds "9"]
[EventCountry "CAN"]

1. c4 Nf6 2. g3 e5 3. Bg2 Bc5 4. Nc3 O-O 5. e3 Bb6 6. Nge2 d6 7. O-O c6 8. d4
Bg4 9. h3 Bxe2 10. Nxe2 Nbd7 11. Qc2 Rc8 12. Rd1 d5 13. c5 Bc7 14. b4 a5 15.
Rb1 axb4 16. Rxb4 b6 17. Rb3 exd4 18. exd4 bxc5 19. dxc5 h6 20. Nd4 Be5 21. Be3
Qa5 22. f4 Bxd4 23. Bxd4 Rfe8 24. Kh2 Ne4 25. Bxe4 Rxe4 26. Re3 Rxe3 27. Bxe3
Re8 28. Qf2 Nf6 29. Bd4 Qa4 30. Rc1 Ne4 31. Qb2 f6 32. Bg1 Ra8 33. Rc2 1/2-1/2

[Event "NAYCC U12"]
[Site "Kingston CAN"]
[Date "2019.08.19"]
[Round "8.89"]
[White "Cheng, Adrien"]
[Black "Li, Neal"]
[Result "0-1"]
[WhiteElo "1426"]
[BlackElo "1166"]
[PlyCount "68"]
[EventDate "2019.08.16"]
[EventType "swiss"]
[EventRounds "9"]
[EventCountry "CAN"]

1. e4 e5 2. Nf3 Nc6 3. Bc4 Bc5 4. c3 Nf6 5. d3 h6 6. O-O d6 7. a4 a6 8. b4 Ba7
9. Be3 Bg4 10. Nbd2 Be6 11. Qb3 Bxc4 12. Nxc4 O-O 13. Rfe1 Re8 14. Bxa7 Rxa7
15. b5 axb5 16. axb5 Rxa1 17. Rxa1 Ne7 18. Ra7 Ng6 19. g3 d5 20. Ncd2 dxe4 21.
dxe4 Qd3 22. Rxb7 Nxe4 23. Rxc7 Rf8 24. Nxe4 Qxe4 25. c4 Ra8 26. h3 Ra1+ 27.
Kh2 Qe2 28. Qe3 Qf1 29. g4 Nf4 30. Rc8+ Kh7 31. Qe4+ g6 32. Rh8+ Kxh8 33. Qxe5+
Kh7 34. Qxf4 Qxf2# 0-1

[Event "NAYCC U12"]
[Site "Kingston CAN"]
[Date "2019.08.19"]
[Round "8.90"]
[White "Yuan, Edison"]
[Black "Wang, Andrew"]
[Result "1/2-1/2"]
[WhiteElo "1745"]
[BlackElo "1416"]
[PlyCount "102"]
[EventDate "2019.08.16"]
[EventType "swiss"]
[EventRounds "9"]
[EventCountry "CAN"]

1. e4 e5 2. Nf3 Nf6 3. d4 Nxe4 4. dxe5 Bc5 5. Bc4 Bxf2+ 6. Kf1 d5 7. Qxd5 Qxd5
8. Bxd5 f5 9. exf6 Nxf6 10. Bxb7 Bxb7 11. Kxf2 O-O 12. Nc3 Re8 13. Bf4 c5 14.
Rhe1 Nbd7 15. h3 h6 16. Rad1 g5 17. Bd6 Ne4+ 18. Nxe4 Bxe4 19. c3 c4 20. Re3
Bxf3 21. Kxf3 Rxe3+ 22. Kxe3 Re8+ 23. Kf3 Ne5+ 24. Bxe5 Rxe5 25. Rd4 Rb5 26.
Rxc4 Rxb2 27. Rc8+ Kf7 28. Rc7+ Kf6 29. Rxa7 Rc2 30. Ra3 h5 31. Ra6+ Kf5 32.
Ra3 Ke5 33. Kg3 h4+ 34. Kf3 Kf5 35. g3 hxg3 36. Kxg3 Ke5 37. Ra5+ Kf6 38. Ra3
Kf5 39. Kf3 Ke5 40. Ra5+ Kf6 41. Ra3 Ke5 42. Kg4 Rg2+ 43. Kh5 Rg3 44. Ra5+ Kf6
45. h4 gxh4 46. Kxh4 Rxc3 47. Kg4 Ke6 48. Kf4 Kd6 49. Ke4 Kc6 50. Kd4 Rh3 51.
Kc4 Rh4+ 1/2-1/2

[Event "NAYCC U12"]
[Site "Kingston CAN"]
[Date "2019.08.19"]
[Round "8.91"]
[White "Lim, Nicolas"]
[Black "Wang, Derek"]
[Result "0-1"]
[WhiteElo "1222"]
[BlackElo "1579"]
[PlyCount "114"]
[EventDate "2019.08.16"]
[EventType "swiss"]
[EventRounds "9"]
[EventCountry "CAN"]

1. c4 e6 2. d4 d5 3. Nc3 Nf6 4. cxd5 exd5 5. Bg5 Nbd7 6. e3 Be7 7. Bd3 b6 8.
Nge2 Bb7 9. Qc2 O-O 10. O-O Rc8 11. Nf4 h6 12. Bxf6 Nxf6 13. Qa4 a6 14. Rfe1 b5
15. Qc2 c5 16. dxc5 Bxc5 17. Qb1 Bb4 18. Nfe2 Ne4 19. Bxe4 dxe4 20. Rd1 Qe7 21.
Rd4 Rfd8 22. Rxd8+ Rxd8 23. a3 Bxc3 24. Nxc3 Rd2 25. Qc1 Qd7 26. h3 Qd3 27. Rb1
Rc2 28. Qd1 a5 29. Qxd3 exd3 30. Rd1 b4 31. axb4 axb4 32. Rxd3 bxc3 33. bxc3
Ba6 34. Rd8+ Kh7 35. Ra8 Bc4 36. Ra3 Kg6 37. g4 Ra2 38. Rxa2 Bxa2 39. Kg2 Bd5+
40. Kg3 Kf6 41. f4 Ke6 42. Kh4 g6 43. Kg3 Kd6 44. f5 g5 45. h4 f6 46. Kh3 Ke5
47. Kg3 Ke4 48. Kf2 gxh4 49. Kg2 Kxe3+ 50. Kh3 Bf7 51. Kxh4 Kd3 52. Kg3 Kxc3
53. Kf4 Kd4 54. Kf3 Ke5 55. Ke3 h5 56. Kf3 hxg4+ 57. Kxg4 Bd5 0-1

[Event "NAYCC U12"]
[Site "Kingston CAN"]
[Date "2019.08.19"]
[Round "8.92"]
[White "Xu, Xinge"]
[Black "Chen, Andrew"]
[Result "1/2-1/2"]
[WhiteElo "1266"]
[BlackElo "1444"]
[PlyCount "97"]
[EventDate "2019.08.16"]
[EventType "swiss"]
[EventRounds "9"]
[EventCountry "CAN"]

1. e4 c5 2. Nf3 e6 3. c3 d5 4. exd5 Qxd5 5. d4 Nf6 6. Bd3 Nc6 7. Be3 b6 8. Nbd2
cxd4 9. cxd4 Bb7 10. Bc4 Qd8 11. O-O Bd6 12. Rc1 O-O 13. Bg5 Be7 14. Nb3 Rc8
15. Be2 Nd5 16. Bxe7 Qxe7 17. a3 Qf6 18. Re1 Nf4 19. Bf1 Qg6 20. g3 Qg4 21. Nh4
Qxd1 22. Rexd1 Nd5 23. Bg2 Nce7 24. Nf3 Rxc1 25. Rxc1 Rc8 26. Rxc8+ Nxc8 27.
Kf1 h6 28. Ke2 Nd6 29. Nbd2 Kf8 30. h4 Nf5 31. Nb3 Ke8 32. Nc1 Nd6 33. Kd3 Ba6+
34. Kd2 Nc4+ 35. Kc2 Nce3+ 36. fxe3 Nxe3+ 37. Kc3 Nxg2 38. Ne5 Bb7 39. Ncd3 Ne3
40. Nb4 Nd5+ 41. Nxd5 Bxd5 42. Kb4 a6 43. a4 f6 44. Nd3 g5 45. hxg5 hxg5 46. a5
bxa5+ 47. Kxa5 f5 48. Ne5 Bb7 49. Kb6 1/2-1/2

[Event "NAYCC U12"]
[Site "Kingston CAN"]
[Date "2019.08.19"]
[Round "8.94"]
[White "Kriemadis, Noah"]
[Black "Pride, Avian"]
[Result "1-0"]
[WhiteElo "1114"]
[BlackElo "1116"]
[PlyCount "47"]
[EventDate "2019.08.16"]
[EventType "swiss"]
[EventRounds "9"]
[EventCountry "CAN"]

1. d4 d5 2. Bf4 c6 3. Nf3 Nf6 4. e3 e6 5. Bd3 Bd6 6. Ne5 O-O 7. O-O Nbd7 8. Nd2
Qc7 9. Ndf3 Nh5 10. Nxd7 Bxd7 11. Bxd6 Qxd6 12. Bxh7+ Kxh7 13. Ng5+ Kg8 14.
Qxh5 Rfd8 15. Nxf7 g6 16. Qxg6+ Kf8 17. Nxd6 Ke7 18. Nxb7 Rg8 19. Qh7+ Kf6 20.
Qxd7 Rg7 21. Nc5 Rxd7 22. Nxd7+ Kg7 23. Ne5 Rb8 24. b3 1-0

[Event "NAYCC U12"]
[Site "Kingston CAN"]
[Date "2019.08.19"]
[Round "8.96"]
[White "Milardovic, Ivan"]
[Black "Puri, Dylan"]
[Result "0-1"]
[WhiteElo "707"]
[BlackElo "1072"]
[PlyCount "94"]
[EventDate "2019.08.16"]
[EventType "swiss"]
[EventRounds "9"]
[EventCountry "CAN"]

1. e4 e5 2. Nf3 Nc6 3. d4 exd4 4. Nxd4 Nf6 5. Nc3 Bb4 6. Bd2 Nxd4 7. Bd3 d5 8.
exd5 Nxd5 9. Nxd5 Bxd2+ 10. Qxd2 Qxd5 11. b3 Qxg2 12. O-O-O Bg4 13. Rdg1 Qc6
14. Bc4 O-O-O 15. Bxf7 Nxb3+ 16. Bxb3 Rxd2 17. Kxd2 Rd8+ 18. Kc1 Bf3 19. Rxg7
Qh6+ 20. Kb1 Qxg7 21. Kc1 Rd1+ 22. Rxd1 Qa1+ 23. Kd2 Qxd1+ 24. Ke3 Bd5 25. c4
Qf3+ 26. Kd2 Qxf2+ 27. Kd3 Bxc4+ 28. Bxc4 Qxh2 29. Be6+ Kd8 30. Bg8 Qg3+ 31.
Kd2 Qxg8 32. a4 Qb3 33. a5 Qb5 34. a6 Qxa6 35. Kc2 h5 36. Kd1 h4 37. Ke1 h3 38.
Kf2 h2 39. Kg2 h1=N 40. Kxh1 c5 41. Kg1 c4 42. Kf1 c3+ 43. Ke1 Qd3 44. Kf2 c2
45. Ke1 c1=R+ 46. Kf2 Rc2+ 47. Ke1 Qe2# 0-1

[Event "NAYCC U12"]
[Site "Kingston CAN"]
[Date "2019.08.20"]
[Round "9.60"]
[White "Liang, Jason"]
[Black "Xu, Arthur"]
[Result "1-0"]
[WhiteElo "2250"]
[BlackElo "2176"]
[PlyCount "145"]
[EventDate "2019.08.16"]
[EventType "swiss"]
[EventRounds "9"]
[EventCountry "CAN"]

1. e4 c5 2. Nf3 d6 3. d4 cxd4 4. Nxd4 Nf6 5. Nc3 a6 6. Be2 e5 7. Nb3 Be7 8. O-O
Be6 9. Re1 O-O 10. Bf3 Nbd7 11. a4 Rc8 12. Nd2 Nb8 13. Nf1 Nc6 14. Nd5 Nd4 15.
c3 Nxf3+ 16. Qxf3 Nxd5 17. exd5 Bd7 18. a5 f5 19. Be3 Qe8 20. Nd2 g5 21. Qe2 f4
22. Ba7 Rf6 23. f3 h5 24. c4 Qf7 25. Ra3 g4 26. Rb3 gxf3 27. Nxf3 Rg6 28. Kh1
Re8 29. Rxb7 Bc8 30. Rc7 Qf5 31. Bb6 Bd8 32. Nd4 Qg4 33. Ra7 Bh4 34. Rf1 Qxe2
35. Nxe2 Bf5 36. Bf2 Bd3 37. Bxh4 Bxe2 38. Rf2 Bxc4 39. Rc2 Bxd5 40. Kg1 f3 41.
Rxa6 fxg2 42. Rd2 Rf8 43. Bf2 e4 44. Bg3 Bb7 45. Raxd6 Rxd6 46. Bxd6 e3 47.
Rxg2+ Bxg2 48. Bxf8 Bb7 49. Bc5 e2 50. Kf2 Ba6 51. Bb4 Kf7 52. Ke3 Bb5 53. Kd4
Ke6 54. Kc5 Bd3 55. Kb6 Kd7 56. Be1 Kc8 57. Bg3 Be4 58. b4 Bf5 59. b5 Bd3 60.
a6 Bc4 61. Ka5 Bd3 62. b6 Be4 63. b7+ Bxb7 64. axb7+ Kxb7 65. Kb5 Kc8 66. Kc6
Kd8 67. Kd6 Ke8 68. Ke6 Kf8 69. Kf6 Kg8 70. Kg5 e1=B 71. Bxe1 Kh7 72. Kxh5 Kg7
73. Bc3+ 1-0

[Event "NAYCC U12"]
[Site "Kingston CAN"]
[Date "2019.08.20"]
[Round "9.62"]
[White "Vidyarthi, Vyom"]
[Black "Ning, Eric"]
[Result "1-0"]
[WhiteElo "2205"]
[BlackElo "2135"]
[PlyCount "69"]
[EventDate "2019.08.16"]
[EventType "swiss"]
[EventRounds "9"]
[EventCountry "CAN"]

1. d4 Nf6 2. Bf4 c5 3. e3 Nd5 4. Bxb8 Rxb8 5. c3 cxd4 6. exd4 g6 7. g3 Bg7 8.
Bg2 Nf6 9. Nf3 O-O 10. O-O d6 11. Re1 b6 12. Nbd2 Bb7 13. a4 Nd7 14. Qb3 e5 15.
dxe5 Nxe5 16. Rad1 Nxf3+ 17. Nxf3 Qf6 18. Nd4 Bxg2 19. Kxg2 Rfe8 20. Nc6 Rxe1
21. Rxe1 Rb7 22. Qd5 Rc7 23. Re8+ Bf8 24. Nd4 Re7 25. Rd8 Qe5 26. Qa8 Qe4+ 27.
Qxe4 Rxe4 28. Ra8 Re7 29. Kf1 f5 30. Nc6 Rb7 31. Rxa7 Rxa7 32. Nxa7 Kf7 33. Nc8
Ke6 34. Nxb6 d5 35. a5 1-0

[Event "NAYCC U12"]
[Site "Kingston CAN"]
[Date "2019.08.20"]
[Round "9.63"]
[White "Zhang, Chu Hang"]
[Black "Levine, Jack"]
[Result "0-1"]
[WhiteElo "2101"]
[BlackElo "2198"]
[PlyCount "88"]
[EventDate "2019.08.16"]
[EventType "swiss"]
[EventRounds "9"]
[EventCountry "CAN"]

1. e4 c5 2. Nf3 e6 3. d4 cxd4 4. Nxd4 Nc6 5. g3 Nf6 6. Bg2 Qc7 7. c3 a6 8. O-O
Be7 9. Nxc6 bxc6 10. Qe2 d6 11. Bf4 O-O 12. c4 e5 13. Bg5 h6 14. Bxf6 Bxf6 15.
Nc3 Be6 16. Rad1 Rab8 17. b3 a5 18. Na4 Be7 19. f4 exf4 20. Rxf4 Bf6 21. c5 Be5
22. cxd6 Bxd6 23. Rff1 Rb4 24. Nb2 Be5 25. Nd3 Rb5 26. Nf4 Qe7 27. Nxe6 Qxe6
28. Kh1 Ra8 29. Rd5 Rb4 30. Rc5 a4 31. Qc2 axb3 32. axb3 Ra6 33. Rc1 Rxb3 34.
Rxe5 Qxe5 35. Qxb3 Qd4 36. Rd1 Qe5 37. Bf3 Qe7 38. Kg2 Ra3 39. Qb8+ Kh7 40. Rd2
g5 41. Qd6 Qa7 42. e5 Qe3 43. Rf2 Rd3 44. Be4+ Qxe4+ 0-1

[Event "NAYCC U12"]
[Site "Kingston CAN"]
[Date "2019.08.20"]
[Round "9.64"]
[White "Lancman, Kyle"]
[Black "Mundayat, Abinav"]
[Result "1-0"]
[WhiteElo "1806"]
[BlackElo "2081"]
[PlyCount "131"]
[EventDate "2019.08.16"]
[EventType "swiss"]
[EventRounds "9"]
[EventCountry "CAN"]

1. e4 c5 2. Nc3 Nc6 3. f4 g6 4. Nf3 Bg7 5. Bb5 Nd4 6. O-O Nxb5 7. Nxb5 a6 8.
Nc3 d6 9. d3 Nf6 10. Qe1 O-O 11. Qh4 e6 12. f5 Nh5 13. Bg5 Bf6 14. g4 Bxg5 15.
Nxg5 h6 16. fxg6 Qxg5 17. Qxg5 hxg5 18. gxh5 fxg6 19. Rxf8+ Kxf8 20. hxg6 Kg7
21. Rf1 b5 22. Rf7+ Kxg6 23. Rc7 Kf6 24. Kf2 b4 25. Na4 Rb8 26. Rc6 Ke7 27. Nb6
Bd7 28. Nxd7 Kxd7 29. Rxa6 Kc7 30. Kg3 e5 31. Ra7+ Kc6 32. Rg7 Ra8 33. a3 bxa3
34. bxa3 Rxa3 35. Rxg5 c4 36. h4 cxd3 37. cxd3 Rxd3+ 38. Kg4 Re3 39. Kf5 Rf3+
40. Kg6 Rf4 41. h5 Rxe4 42. h6 Ra4 43. h7 Ra8 44. Kh6 Rh8 45. Rg8 Rxh7+ 46.
Kxh7 e4 47. Kg6 Kd5 48. Kf5 Kd4 49. Kf4 d5 50. Rg3 Kc4 51. Ke5 Kc5 52. Rc3+ Kb4
53. Kd4 Kb5 54. Kxd5 Kb4 55. Kd4 Kb5 56. Kxe4 Kb4 57. Kd4 Kb5 58. Kd5 Kb4 59.
Rh3 Kb5 60. Rb3+ Ka4 61. Kc4 Ka5 62. Rb1 Ka6 63. Kc5 Ka7 64. Kc6 Ka8 65. Kc7
Ka7 66. Ra1# 1-0

[Event "NAYCC U12"]
[Site "Kingston CAN"]
[Date "2019.08.20"]
[Round "9.65"]
[White "Zhao, Jeffrey R"]
[Black "Liu, Henry"]
[Result "1-0"]
[WhiteElo "2117"]
[BlackElo "1952"]
[PlyCount "45"]
[EventDate "2019.08.16"]
[EventType "swiss"]
[EventRounds "9"]
[EventCountry "CAN"]

1. e4 e6 2. d4 d5 3. Nc3 Nf6 4. e5 Nfd7 5. f4 c5 6. Nf3 Nc6 7. Be3 a6 8. Qd2 b5
9. dxc5 Bxc5 10. Bd3 Qb6 11. Bf2 h6 12. O-O O-O 13. Rae1 Ra7 14. f5 Bxf2+ 15.
Rxf2 d4 16. f6 dxc3 17. Qf4 Nc5 18. Qg4 g6 19. Qh4 h5 20. Qg5 Nxd3 21. Qh6
Qxf2+ 22. Kh1 Nxe1 23. Qg7# 1-0

[Event "NAYCC U12"]
[Site "Kingston CAN"]
[Date "2019.08.20"]
[Round "9.66"]
[White "Li, Thomas"]
[Black "Srinivasan, Hemant"]
[Result "0-1"]
[WhiteElo "2066"]
[BlackElo "1923"]
[PlyCount "66"]
[EventDate "2019.08.16"]
[EventType "swiss"]
[EventRounds "9"]
[EventCountry "CAN"]

1. e4 c6 2. d4 d5 3. Nd2 dxe4 4. Nxe4 Bf5 5. Ng3 Bg6 6. Nf3 Nd7 7. h4 h6 8. h5
Bh7 9. Bd3 Bxd3 10. Qxd3 Ngf6 11. Bd2 e6 12. Qe2 Be7 13. O-O-O Qc7 14. Ne4 Nxe4
15. Qxe4 Nf6 16. Qe2 O-O-O 17. Ne5 Rxd4 18. f3 Bc5 19. Nd3 Bb6 20. Kb1 Qe7 21.
Bc3 Rdd8 22. Bxf6 Qxf6 23. Nf2 Rxd1+ 24. Rxd1 Qh4 25. Ng4 Qxh5 26. Ne5 Rd8 27.
Rxd8+ Bxd8 28. a3 Bf6 29. Nc4 Qd5 30. c3 g5 31. Nd2 Be5 32. Nc4 Bf4 33. Ne3 Qe5
0-1

[Event "NAYCC U12"]
[Site "Kingston CAN"]
[Date "2019.08.20"]
[Round "9.67"]
[White "Latorre, Vincent"]
[Black "Yuen, Noah"]
[Result "0-1"]
[WhiteElo "1859"]
[BlackElo "1921"]
[PlyCount "136"]
[EventDate "2019.08.16"]
[EventType "swiss"]
[EventRounds "9"]
[EventCountry "CAN"]

1. e4 c5 2. Nf3 d6 3. d4 cxd4 4. Nxd4 Nf6 5. Nc3 a6 6. Bg5 e6 7. Qd2 Nbd7 8.
O-O-O b5 9. f4 Bb7 10. Re1 h6 11. Bxf6 Nxf6 12. Bd3 Be7 13. g4 b4 14. Nd1 d5
15. e5 Ne4 16. Qg2 Qb6 17. Nb3 a5 18. Kb1 a4 19. Nc1 Nc5 20. Qd2 b3 21. h4 Nxd3
22. Qxd3 Ba6 23. Qg3 bxc2+ 24. Kxc2 Rc8+ 25. Kb1 Qc5 26. Nc3 d4 27. Ne4 Qc2+
28. Ka1 a3 29. Qb3 d3 30. Rd1 O-O 31. Qxc2 dxc2 32. Rd7 axb2+ 33. Kxb2 Rb8+ 34.
Nb3 Bb4 35. Kxc2 Rfc8+ 36. Kb2 Bb7 37. Rd4 Bc3+ 38. Nxc3 Bxh1 39. f5 exf5 40.
gxf5 Re8 41. Rd1 Bf3 42. Re1 Rb4 43. e6 fxe6 44. fxe6 Rb6 45. Re3 Bg4 46. e7
Be6 47. Na4 Rd6 48. Nac5 Bxb3 49. axb3 Kf7 50. Nb7 Rb6 51. Na5 Rxe7 52. Rd3 Rf6
53. b4 Re4 54. Kb3 Rff4 55. Nc6 Rxh4 56. Ka4 g5 57. Ka5 g4 58. b5 Rh3 59. Rd2
g3 60. b6 Rh2 61. Rd8 g2 62. Rd7+ Kg6 63. Rd6+ Kf5 64. b7 g1=Q 65. Rd5+ Kg4 66.
b8=Q Ra2+ 67. Kb5 Rb2+ 68. Nb4 Rbxb4+ 0-1

[Event "NAYCC U12"]
[Site "Kingston CAN"]
[Date "2019.08.20"]
[Round "9.68"]
[White "Su, Kevin"]
[Black "Yan, Alex Jikai"]
[Result "1-0"]
[WhiteElo "1882"]
[BlackElo "1801"]
[PlyCount "115"]
[EventDate "2019.08.16"]
[EventType "swiss"]
[EventRounds "9"]
[EventCountry "CAN"]

1. e4 c5 2. Nf3 Nc6 3. d4 cxd4 4. Nxd4 Nf6 5. Nc3 e5 6. Ndb5 d6 7. Nd5 Nxd5 8.
exd5 Nb8 9. c4 Be7 10. Be2 O-O 11. O-O Bf5 12. Be3 a6 13. Nc3 Nd7 14. b4 Rc8
15. Rc1 Bg5 16. Qd2 Bxe3 17. Qxe3 Qb6 18. Qg5 Bg6 19. a3 Qd8 20. Qd2 Nb6 21.
Nd1 Qd7 22. Ne3 Rfd8 23. Rfd1 Na4 24. c5 dxc5 25. d6 Rc6 26. Nc4 f6 27. bxc5
Nxc5 28. Na5 Rcc8 29. Qb4 Ne6 30. Nxb7 Rxc1 31. Rxc1 Rc8 32. Rxc8+ Qxc8 33. Qc4
Qxb7 34. Qxe6+ Bf7 35. Qe7 Qxe7 36. dxe7 Be8 37. Bc4+ Kh8 38. Bxa6 g6 39. g4
Kg7 40. Bc4 f5 41. g5 h6 42. h4 hxg5 43. hxg5 Ba4 44. Kf1 e4 45. Ke2 Bc6 46.
Ke3 Ba4 47. Kd4 Be8 48. Ke5 Ba4 49. Kd6 Be8 50. Kc7 Ba4 51. Kd8 f4 52. e8=Q
Bxe8 53. Kxe8 e3 54. fxe3 fxe3 55. a4 Kh7 56. a5 Kg7 57. a6 Kh7 58. a7 1-0